India's most fearless -3 : new military stories of unimaginable courage and sacrifice (Record no. 57207)
[ view plain ]
| 000 -LEADER | |
|---|---|
| fixed length control field | 00630nam a2200193Ia 4500 |
| 005 - DATE AND TIME OF LATEST TRANSACTION | |
| control field | 20260616173546.0 |
| 008 - FIXED-LENGTH DATA ELEMENTS--GENERAL INFORMATION | |
| fixed length control field | 260616s9999||||xx |||||||||||||| ||und|| |
| 020 ## - INTERNATIONAL STANDARD BOOK NUMBER | |
| International Standard Book Number | 9780143451112 |
| Qualifying information | pbk |
| 082 ## - DEWEY DECIMAL CLASSIFICATION NUMBER | |
| Classification number | 355.0092254 |
| Item number | ARO |
| 100 ## - MAIN ENTRY--PERSONAL NAME | |
| Personal name | Aroor, Shiv |
| 245 #0 - TITLE STATEMENT | |
| Title | India's most fearless -3 : new military stories of unimaginable courage and sacrifice |
| 260 ## - PUBLICATION, DISTRIBUTION, ETC. | |
| Place of publication, distribution, etc. | Gurugram |
| Name of publisher, distributor, etc. | Ebury/Penguin Random House India |
| Date of publication, distribution, etc. | 2002 |
| 300 ## - PHYSICAL DESCRIPTION | |
| Extent | xii, 294p. ; 20cm. |
| 653 ## - INDEX TERM--UNCONTROLLED | |
| Uncontrolled term | India--Armed Forces--Biography |
| 653 ## - INDEX TERM--UNCONTROLLED | |
| Uncontrolled term | India--History, Military--21st century |
| 653 ## - INDEX TERM--UNCONTROLLED | |
| Uncontrolled term | Soldiers--India--Biography |
| 700 ## - ADDED ENTRY--PERSONAL NAME | |
| Personal name | Singh, Rahul |
| 942 ## - ADDED ENTRY ELEMENTS (KOHA) | |
| Koha item type | Book |
| Withdrawn status | Lost status | Damaged status | Not for loan | Home library | Current library | Shelving location | Date acquired | Source of acquisition | Total Checkouts | Full call number | Barcode | Date last seen | Price effective from | Koha item type |
|---|---|---|---|---|---|---|---|---|---|---|---|---|---|---|
| LRC, IIT Indore | LRC, IIT Indore | 3rd Floor - General Stack | 16/06/2026 | Gratis Book Price: INR 350.00 | 355.0092254 ARO | G2438 | 16/06/2026 | 16/06/2026 | Book |
